000 00917nmm a2200313 a 4500
003 AR-BaBNM
005 20251128204250.0
008 257019s1959 ||||||||||||||000 | spa||
040 _cAR-BaBNM
100 1 _aVico, Carlos M.
245 1 0 _aCurso de derecho internacional privado
_bdictado en las facultades de derecho de Buenos Aires y La Plata
_n1
250 _a4ª ed.
260 _aBuenos Aires
_bBiblioteca Jurídica Argentina
_c1959
300 0 _a414 p.
500 0 _aIndice p. 405-414
650 4 _aDERECHO INTERNACIONAL PRIVADO
650 4 _aHISTORIA DEL DERECHO
650 4 _aLEGISLACION
650 4 _aPERSONAS [DERECHO]
650 4 _aNACIONALIDAD
650 4 _aDERECHO DE FAMILIA
650 4 _aOBLIGACIONES
650 4 _aBIENES
650 4 _aLEGISLACION ARGENTINA
700 1 _aArgüello, Isauro P.
_ecompilador
700 1 _aFrutos, Pedro
_ecompilador
942 _cBK
998 _cAndrea
999 _c6776
_d6776